| 000 | 01308cam a2200217 4500 | ||
|---|---|---|---|
| 001 | WB3931-30 | ||
| 008 | 030814n2003 000 0 eng u | ||
| 035 | _a(Sirsi) u123271 | ||
| 245 | _aIVSC issues valuation consultation paper | ||
| 260 | _c2003 | ||
| 490 |
_aInternational Valuation Standards Committee News Release _v 6 August 2003 (2) |
||
| 520 | _aThe IVSC has issued a consultation paper as an attempt to establish a standard international formula for 'fair value' property valuation. Reports that a large number of companies around the world are moving to prepare their accounts in accordance with International Accounting Standards, now referred to as International Financial Reporting Standards. The consultation paper can be viewed at http://www.ivsc.org. Further details can be obtained from Marianne Tissier t +44 (0)1442 879306 [email protected]. http://www.ivsc.org/news/NR030806.pdf | ||
| 590 | _aWB | ||
| 650 | _aABOUT RICS-RELATED ORGANISATIONS-INTERNATIONAL VALUATION STANDARDS COMMITTEE | ||
| 650 | _aINTERNATIONAL FINANCIAL REPORTING STANDARDS | ||
| 650 | _aMANAGEMENT-BUSINESS MANAGEMENT-FINANCIAL MANAGEMENT-ACCOUNTING | ||
| 650 | _aINTERNATIONAL ACCOUNTING STANDARDS | ||
| 650 | _aCONSULTATION PAPERS | ||
| 690 | _aPROPERTY-PROPERTY APPRAISAL AND VALUATION | ||
| 942 | _n0 | ||
| 999 |
_c73221 _d73221 |
||